Christmas trivia - Statistics

General Stats
  • This quiz has been taken 43 times
  • The average score is 18 of 50
Answer Stats
Hint Answer % Correct
25 Name the reindeer beginning with V Vixen
74%
29 Comet is one of the two reindeer beginning with "C". What is the other one? Cupid
71%
16 Which series of films starred Macaulay Culkin and his misadventures every Christmas Home Alone
71%
34 Name the reindeer beginning with B Blitzen
69%
9 Dasher and Donna were two of the three reindeer beginning with "D". What is the third Dancer
69%
20 Name the reindeer beginning with P Prancer
69%
31 Who sang the most famous Christmas song in White Christmas Bing Crosby
63%
1 What is the name of the Christmas film from 1946 starring James Stewart Its a wonderful life
63%
10 What is the name of the brutal Christmas film starring Bruce Willis Die Hard
60%
19 Which country gives Britain the tree that stands in Trafalgar Square Norway
57%
38 Who was the 9th reindeer Rudolph
57%
42 Who wrote "A Christmas Carol" Charles Dickens
54%
11 Which Canadian PM was born on Christmas day in 1971 Justin Trudeau
54%
14 Which pop star, born in London, sadly died on Christmas day in 2016 George Michael
51%
41 What British film from2003 starred Hugh Grant, following 8 different couples lives at Christmas Love Actually
51%
5 Which famous scientist was born in Lincolnshire on Christmas day in 1642 Sir Isaac Newton
51%
44 Which animated film, voiced by Tom Hanks, came to our screens in 2004 Polar Express
46%
32 What song by Queen was in the charts for 9 weeks over Christmas in 1975 Bohemian Rhapsody
40%
36 Which alcohol is traditionally set fire to on a Christmas pudding Brandy
40%
47 If you were born on this day, what would be your star sign Capricorn
40%
39 Traditionally what time is the Monarch's Christmas message broadcast 3pm
37%
23 Who banned Christmas in England in 1649 Oliver Cromwell
37%
6 What green vegetable gets put on our plates, but rarely eaten sprouts
34%
3 Which British comedian died on Christmas day in 1977 Charlie Chaplin
31%
26 What was the family name in National Lampoon's Christmas Vacation Griswold
31%
48 Who led the supergroup who made "Do they know its Christmas" Bob Geldof
29%
8 Who had a No. 1 hit record in 1961 with Moon River Danny Williams
29%
33 What was the Christmas film starring John Payne in1947, and re-made in 1994 with Richard Attenborough Miracle on 34th street
29%
40 Cliff Richard has always managed a No. 1 hit in the UK over the decards, but what was his Christmas No. 1 in 1988 Mistletoe and Wine
29%
12 Who brought christmas trees to Britain Prince Albert
29%
17 Who had a Christmas no 1 in the UK in 1966 with Green green grass of home Tom Jones
29%
22 What famous poem was written by Clement Clarke Moore Twas the night before Christmas
26%
21 Which famous crooner, born in Ohio, died this day in 1995 Dean Martin
23%
43 Who had a No 1 Christmas hit in 1977 with Mull of Kintyre Wings
23%
27 Who had a Christmas No. 1 hit in the UK in 1971 with Ernie, the fastest milkman in the west Benny Hill
20%
50 Which construction worker were we unfortunate enough in the UK to hold the No. 1 spot for the Millennium Bob the Builder
20%
46 Which English singer had the Christmas No. 1 in the UK in 2017 with "Perfect" Ed Sheeran
20%
30 Who had a rather loud No 1 single in 1973 Slade
20%
37 What film from1983 starred Eddie Murphy and Dan Aykroyd, as their lives intertwined Trading Places
20%
45 Who wrote "A Child's Christmas in Wales" Dylan Thomas
14%
49 Every Christmas No. 1 in the UK from 2018 to 2022 was by what group LadBaby
14%
7 Which female singer was born in Aberdeen on Christmas Day in 1954 Annie Lennox
11%
13 Who was born in Egypt on Christmas day in 1918 Anwar Sadat
11%
2 Which famous film actor was born on Christmas day in 1899 in New York City Humphrey Bogart
9%
4 Whats the name of the church service which welcomes Jesus Midnight mass
9%
35 Who wrote "The Snowman" Raymond Briggs
9%
15 Who invented Christmas cards Sir Henry Cole
6%
28 Which famous jazz singer, born in South Carolina, died this day in 2008 Eartha Kitt
3%
18 Which lively DJ was born in Lancashire on Christmas day in 1944 Kenny Everett
3%
24 Which chubby American comedian, born in Pennsylvania died this day in 1946 W C Fields
0%
No matching quizzes found
Score Distribution
Percent of People with Each Score
Percentile by Number Answered
Your Score History
You have not taken this quiz